| 000 | 00548nam a22002057a 4500 | ||
|---|---|---|---|
| 003 | OSt | ||
| 005 | 20140310182941.0 | ||
| 008 | 130204t xxu||||| |||| 00| 0 eng d | ||
| 020 | _a1853688975 | ||
| 050 |
_aDS 654 _b.H631 2005 |
||
| 082 |
_aFIL 959.9222 _bH52 2005 |
||
| 245 |
_aThe Philippines _btravel guide _cHicks, Nigel |
||
| 260 |
_aLondon _bNew Holland _cc2005 |
||
| 300 |
_a128 p. _c19 cm. _bcol. ill. + travel map |
||
| 521 | _acollege students | ||
| 526 | _c1210L-1700L | ||
| 541 | _j1 | ||
| 562 | _e1 | ||
| 942 |
_2lcc _cBK _kFIL |
||
| 999 |
_c17735 _d17735 |
||